The diplomacy of imperialism, 1890-1902 /

Bibliographic Details
Main Author: Langer, William L. (William Leonard), 1896-1977
Format: Book
Language:English
Published: New York : Knopf, 1965
Edition:2d ed.
Subjects:

MARC

Tag First Indicator Second Indicator Subfields
LEADER 00000cam a2200000 4500
001 in00000308713
005 20151010093711.0
008 740201c19651050nyuab 00000 eng d
010 |a  51000343  
035 |a (OCoLC)00787805 
035 |9 ABG8394AM 
040 |c HCD  |d TXA  |d UtOrBLW 
049 |a TXAM  |c 1 [900960]  |c 2 [901228]  |c 3 [454134] 
090 |a D397  |b .L282 1951 
100 1 |a Langer, William L.  |q (William Leonard),  |d 1896-1977. 
245 1 4 |a The diplomacy of imperialism, 1890-1902 /  |c With supplementary bibliographies. 
250 |a 2d ed.  |b with supplementary bibliographies. 
264 1 |a New York :  |b Knopf,  |c 1965 
264 4 |c [©1950] 
300 |a xxii, 797, xxii pages :  |b maps, diagram ;  |c 25 cm. 
336 |a text  |b txt  |2 rdacontent 
337 |a unmediated  |b n  |2 rdamedia 
338 |a volume  |b nc  |2 rdacarrier 
500 |a Half title: Bureau of International Research, Harvard University and Radcliffe College. 
650 0 |a World politics. 
650 0 |a History, Modern  |y 19th century. 
650 0 |a Colonies. 
650 0 |a Imperialism. 
999 |a MARS 
999 f f |s 0835c0e1-7093-3177-9de6-f5ec0a52f33e  |i 86dfc770-ef72-3d8a-bc4f-339deea2fba3  |t 0 
952 f f |p normal  |a Texas A&M University  |b College Station  |c Sterling C. Evans Library  |s Evans stk  |d Evans: Library Stacks  |t 0  |e D397 .L282 1951  |h Library of Congress classification  |i unmediated -- volume  |m A14801878665 
998 f f |a D397 .L282 1951  |t 0  |l Evans: Library Stacks